| 000 | 00358nam a2200157Ia 4500 | ||
|---|---|---|---|
| 003 | LK-CoDNM | ||
| 008 | 010623t1934 xxu||||| |||| 00| 1 eng d | ||
| 040 |
_aLK-CoDNM _dLK-CoDNM _eLK-CoDNM |
||
| 041 | _aeng | ||
| 080 | _a9 Z 15 | ||
| 100 | _aMacbride,E.W. | ||
| 245 | _aHuxley | ||
| 260 |
_bDuckworth _aLondon _c1934 |
||
| 300 | _b142p., 18 cm | ||
| 942 | _cBK | ||
| 999 |
_c97069 _d97069 |
||